Les Pokémon de couleur Grise - Statistiques

Statistiques générales
  • Ce quiz a été pris 5 fois
  • Le résultat moyen est 58 sur 120
Statistiques - réponses
Nom % Correct
0227 Airmure
100%
0232 Donphan
100%
0597 Grindur
100%
0208 Méga-Steelix
100%
0598 Noacier
100%
0095 Onix
100%
0208 Steelix
100%
0805 Ama-Ama
75%
0411 Bastiodon
75%
0600 Clic
75%
0601 Cliticlic
75%
0520 Colombeau
75%
0410 Dinoclier
75%
0632 Fermite
75%
0305 Galegon
75%
0304 Galekid
75%
0306 Galeking
75%
0262 Grahyèna
75%
0075 Gravalanch d’Alola
75%
0076 Grolem d’Alola
75%
0646 Kyurem
75%
0081 Magnéti
75%
0082 Magnéton
75%
0462 Magnézone
75%
0261 Medhyèna
75%
0306 Méga-Galeking
75%
0351 Morphéo Forme Normale
75%
0519 Poichigeon
75%
0666 Prismillon Motif Cyclone
75%
0074 Racaillou d’Alola
75%
0379 Registeel
75%
0111 Rhinocorne
75%
0112 Rhinoféros
75%
0773 Silvallié
75%
0599 Tic
75%
0247 Ymphect
75%
0432 Chaffreux
50%
0431 Chaglam
50%
0521 Déflaisan
50%
0874 Dolman
50%
0215 Farfuret de Hisui
50%
0200 Feuforêve
50%
0736 Larvibule
50%
0066 Machoc
50%
0067 Machopeur
50%
0068 Mackogneur
50%
0508 Mastouffe
50%
0398 Méga-Étouraptor
50%
0530 Méga-Minotaupe
50%
0809 Melmetal
50%
0808 Meltan
50%
0530 Minotaupe
50%
0999 Mordudor Forme Marche
50%
0290 Ningale
50%
0989 Pelage-Sablé
50%
0507 Ponchien
50%
0677 Psystigri
50%
0369 Relicanth
50%
0223 Rémoraid
50%
0464 Rhinastoc
50%
0529 Rototaupe
50%
0990 Roue-de-Fer
50%
0768 Sarmuraï
50%
0544 Scobolide
50%
0110 Smogogo de Galar
50%
0767 Sovkipou
50%
0703 Strassie
50%
0299 Tarinor
50%
0476 Tarinorme
50%
0639 Terrakium
50%
0777 Togedemaru
50%
0707 Trousselin
50%
0772 Type:0
50%
0347 Anorith
25%
0348 Armaldo
25%
0339 Barloche
25%
0782 Bébécaille
25%
0899 Cerbyllin
25%
0532 Charpenti
25%
0572 Chinchidou
25%
0979 Courrousinge
25%
0976 Délestin
25%
0783 Écaïd
25%
0784 Ékaïser
25%
0987 Flotte-Mèche
25%
0916 Fragroin Mâle
25%
0996 Frigodo
25%
0920 Gambex
25%
0915 Gourmelet
25%
0862 Ixon
25%
0589 Lançargot
25%
0814 Lapyro
25%
0919 Lilliterelle
25%
0801 Magearna Forme Normale
25%
0802 Marshadow
25%
0448 Méga-Lucario Z
25%
0362 Méga-Oniglali
25%
0313 Muciole
25%
1017 Ogerpon Masque de la Pierre
25%
0362 Oniglali
25%
0533 Ouvrifier
25%
0573 Pashmilla
25%
0992 Paume-de-Fer
25%
0204 Pomdepik
25%
0211 Qwilfish
25%
1022 Roc-de-Fer
25%
0892 Shifours
25%
0361 Stalgamin
25%
0867 Tutétékri
25%
0965 Vrombi
25%
0966 Vrombotor
25%
0891 Wushours
25%
0571 Zoroark
25%
0571 Zoroark de Hisui
25%
0570 Zorua
25%
0570 Zorua de Hisui
25%
0943 Dogrino
0%
0944 Gribouraigne
0%
0768 Méga-Sarmuraï
0%
0945 Tag-Tag
0%
Aucun quiz correspondant
Distribution des résultats
% des personnes avec chaque résultat
Percentile par nombre de réponses
Votre historique - résultats
Vous n’avez pas pris ce quiz